Państwa które mają minimum 7 sąsiadów - Statystyki

Ogólne statystyki
  • Ten quiz został rozwiązany 255 razy
    205 od ostatniego zresetowania
  • Średni wynik to 11 z 19
Statystyki odpowiedzi
państwa: % Poprawnych
Polska
98%
Rosja
97%
Chiny
90%
Niemcy
85%
Brazylia
79%
Francja
74%
Serbia
62%
Demokratyczna Republika Konga
59%
Turcja
59%
Iran
57%
Arabia Saudyjska
55%
Niger
53%
Ukraina
52%
Austria
51%
Węgry
51%
Mali
38%
Sudan
37%
Tanzania
27%
Zambia
23%
Nie znaleziono quizów pasujących do podanych kryteriów
Rozkład punktacji
Procent ludzi z każdym wynikiem
Percentyl według liczby udzielonych odpowiedzi
Twoja historia wyników
Nie rozwiązałeś tego quizu od ostatniego zresetowania